000 02157nam0a2200313 4500
001 RU\NLR\BIBL_A\011908262
005 20190124170800.0
010 _a978-5-502-01064-1
_950
021 _aRU
_bКН-П-18-092730
_9КН-П-18-6724
035 _a(NLR Aleph) 011908262
035 _a(RuMoRGB)009828426
090 _a10920850
_c10920850
100 _a20190114d2018 u y0rusy50 ca
101 0 _arus
102 _aRU
105 _aa|||j|||000zy
200 1 _aАвтоматизированная система управления предприятием
_eучебное пособие для студентов направлений подготовки 27.03.03 "Системный анализ и управление", 27.03.02 "Управление качеством", 15.03.04 "Автоматизация машиностроения", 15.03.06 "Робототехника и мехатроника"
_fС.А. Манцеров, А.Ю. Панов
_gМинистерство образования и науки Российской Федерации, Федеральное государственное бюджетное образовательное учреждение высшего образования "Нижегородский государственный технический университет им. Р.Е. Алексеева"
210 _aНижний Новгород
_cНижегородский государственный технический университет им. Р.Е. Алексеева
_d2018
215 _a61 с.
_cил.
_d21
320 _aБиблиогр.: с. 57-62 (70 назв.)
606 1 _aАСУ предприятием
_jУчебные издания для высших учебных заведений
_91035008
_3RU\NLR\AUTH\6679827
686 1 _aУ21(2)253.4я73
700 1 _aМанцеров
_bС. А.
_gСергей Александрович
701 1 _aПанов
_bА. Ю.
_f1951-
_gАлексей Юрьевич
942 _cBOOK
980 _aNBR
980 _aNB